00226 a2200109 4500001000700000020000600007040001100013100004200024240002300066245001800089362000900107170886 a  cMagnum aSilva, Maria Alda Loya Soares, Et Al.10aRita, a ruivalpor10aRita, a ruiva0 a1899